000
00212 a2200097 4500
001
29889
100
_a
Crow Roberson
245
_a
Engineering fluid mechanics
260
_a
_b
Houghton
_c
090
_c
19884
_d
19884
942
_a
NUST-CAE
_c
M
_c
10984
999
_c
264962
_d
264962